| 000 | 01102nam a2200349 i 4500 | ||
|---|---|---|---|
| 001 | 200448440 | ||
| 999 |
_c200448440 _d66652 |
||
| 003 | TR-AnTOB | ||
| 005 | 20240824073711.0 | ||
| 007 | ta | ||
| 008 | 780309t19771977fr a b i000 0 eng | ||
| 010 | _a77364947 | ||
| 015 | _aF*** | ||
| 020 |
_a9264115994 _c$9.00 (U.S.) |
||
| 035 | _a(OCoLC)3750296 | ||
| 040 |
_aDLC _beng _erda _cDLC _dEEM _dUtOrBLW _dTR-AnTOB |
||
| 041 | 0 | _aeng | |
| 050 | 0 | 0 |
_aHD7105 _b.O38 1977 |
| 090 |
_aTOBBK HD7105 _b.O38 1977 |
||
| 245 | 0 | 0 | _aOld age pension schemes. |
| 264 | 1 |
_a[Washington] : _b[sold by OECD Publications Center], _c[1977], ©1977. |
|
| 264 | 1 |
_aParis : _bOrganisation for Economic Co-operation and Development ; _c1977. |
|
| 300 |
_a206 pages : _billustrations ; _c24 cm |
||
| 336 |
_atext _btxt _2rdacontent. |
||
| 337 |
_aunmediated _bn _2rdamedia. |
||
| 338 |
_avolume _bnc _2rdacarrier. |
||
| 504 | _aBIB | ||
| 610 | 2 | 0 |
_aOrganisation for Economic Co-operation and Development _xPensions _933753 |
| 650 | 0 |
_aOld age pensions _9136456 |
|
| 942 |
_2z _cBK |
||